000
00314nam a2200133Ia 4500
008
240624s9999 xx 000 0 und d
041
_a
eng
082
_a
332.63 BES
100
_a
BEST MICHAEL J
245
_a
PORTFOLIO OPTIMIZATION
260
_c
2010
_a
London
_b
CRC Press
300
_a
236 : p.
365
_c
BPS
_b
27
999
_c
16945
_d
16945